000
00341nam a2200181Ia 4500
100
_a
Murach/Joel
650
_a
Android
250
_a
2
942
_c
BK
366
_f
20
654
_a
android
245
_a
Murach's Android programming
260
_b
SPD
_c
2015
082
_b
MUR
300
_a
663
546
_a
ENGLISH
999
_c
32201
_d
32201